000 00844nam a2200253Ia 4500
003 OSt
005 20220923214259.0
006 a|||||r|||| 00| 0
007 ta
008 220922b |||||||| |||| 00| 0 hin d
024 _a168,392
037 _cTextual
040 _aARTS
_cARTS
_bhin
041 _2hin
_ahin
082 _aO152,1M66:g, L7
100 _aअवस्थी, कन्हैयालाल
245 0 _aरत्नाकर की काव्य कला
246 _aRatnākar kī kāvya kalā
260 _aकानपुर
_b पुस्तक संस्थान
_c1977
300 _a130पृ.
_ccm.
650 _aहिन्दी साहित्य
_9156264
942 _hO152,1M66:g, L7
_cTEXL
_2CC
999 _c322862
_d322862